000 00354nam a2200145Ia 4500
008 150201s1997 xx 000 0 und d
082 _a617.63
_bO1997E
100 _aEVERSOLE,LEWIS R.
245 _aORAL MEDICINE:A POCKET GUIDE
250 _a1ST
260 _bSAUNDERS
_aPHILADELPHIA
_c1997
300 _a1-
650 _aORAL MEDICINE
942 _2ddc
_cBK
999 _c3353
_d3353